00460 2200181 4500001002100000005001500021008004100036020002200077035001900099041000700118082000800125090001400133100002300147245003300170260003300203300003100236650001100267INLIS00000000000210720241224112457241224||||||||| | ||| |||| || |  a978-979-054-353-3 0010-1224002107 aid0 a402 a402 ADE m0 aAde Husnul Mawadah00aMemahami Gaya Bahasa (Majas) aBogorbPenerbit Quadrac2010 aiv + 68 hlm.:ilus.; 25 cm. 0aBahasa